00509nam a22001697a 450000500170000001000150001702000260003203500140005803700130007208200060008510000250009124500710011626000450018727000800023230000210031270000060033320191114171112.0 aENG-126908 c450.00a9789388322133 aEN-110440 bDBAD/PUB aN aMathew, Varun Thomas aThe black dwarves of the good little bay /cby Varun Thomas Mathew aGurugrambHachette Book Publishingc2019 a4th / 5th Floors, Corporate Centre, Plot No.94, Sector-44, Gurugrame122003 a293p.c19cm(pbk) a